Heimische Amphibien und Reptilien - Statistiken

Allgemein
  • Dieses Quiz wurde 222 mal gespielt
  • Das Durchschnittsergebnis liegt bei 18 aus 35
Antwortstatistiken
Bildquiz Antwort % Korrekt
Feuersalamander
95%
Blindschleiche
93%
Kreuzotter
89%
Ringelnatter
88%
Laubfrosch
85%
Erdkröte
71%
Zauneidechse
67%
Gelbbauchunke
66%
Grasfrosch
63%
Kammmolch
59%
Teichmolch
59%
Teichfrosch
56%
Bergmolch
55%
Rotbauchunke
51%
Europäische Sumpfschildkröte
49%
Mauereidechse
49%
Alpensalamander
48%
Äskulapnatter
45%
Schlingnatter
45%
Wechselkröte
43%
Kleiner Wasserfrosch
42%
Moorfrosch
41%
Waldeidechse
41%
Geburtshelferkröte
40%
Knoblauchkröte
39%
Kreuzkröte
39%
Würfelnatter
39%
Seefrosch
38%
Aspisviper
36%
Springfrosch
35%
Fadenmolch
32%
Östliche Smaragdeidechse
30%
Westliche Smaragdeidechse
28%
Barren-Ringelnatter
24%
Alpenkammmolch
20%
Keine übereinstimmenden Quizze gefunden
Verteilung der Resultate
Anzahl Personen mit jedem Resultat
Perzentil nach korrekt beantworteten Fragen
Ihre Resultats-Entwicklung
Sie haben dieses Quiz noch nicht gespielt